000 00714nam a2200229Ia 4500
001 15757
003 GE_BSU
008 181216s||||||||xx |||||||||||||| ||und||
040 _cGE_BSU
080 _a821.353.1-1
100 _aხორნაული, ვაჟა
245 _aგულს მუდამ ახსოვხარ
245 _bლექსები
245 _cრედ.: ევა ჩიკაშუა. მხ. ა.ვართაგვა
260 _aთბილისი
260 _bმერანი
260 _c1991
300 _a171გვ.16სმ.
653 _aგულს მუდამ ახსოვხარ
653 _aლექსები
942 _cBK
999 _c48855
_d48855